Logo Biblioteca

Gilgamesh, Chilam Balam y otros textos antiguos / (Registro nro. 1030)

Detalles MARC
000 -LEADER
fixed length control field 01888nam a22002771a 4500
003 - CONTROL NUMBER IDENTIFIER
control field AR-RoUNCS
005 - DATE AND TIME OF LATEST TRANSACTION
control field 20260522144120.0
007 - PHYSICAL DESCRIPTION FIXED FIELD--GENERAL INFORMATION
fixed length control field ta
008 - FIXED-LENGTH DATA ELEMENTS--GENERAL INFORMATION
fixed length control field 080620s1981 ag |r 00| 1 spa
040 ## - CATALOGING SOURCE
Original cataloging agency AR-BaBN
Language of cataloging spa
Transcribing agency AR-RoUNCS
041 ## - LANGUAGE CODE
Language code of text/sound track or separate title spa
245 00 - TITLE STATEMENT
Title Gilgamesh, Chilam Balam y otros textos antiguos /
Statement of responsibility, etc. estudio preliminar Daniel Freidemberg.
260 ## - PUBLICATION, DISTRIBUTION, ETC.
Place of publication, distribution, etc. Buenos Aires :
Name of publisher, distributor, etc. Centro Editor de América Latina,
Date of publication, distribution, etc. c1981.
300 ## - PHYSICAL DESCRIPTION
Extent 106 p. ;
Dimensions 17 cm.
490 0# - SERIES STATEMENT
Series statement Biblioteca Básica Universal ;
Volume/sequential designation 172
505 0# - FORMATTED CONTENTS NOTE
Formatted contents note Estudio preliminar -- Mesopotamia: Elegía por la destrucción de Súmer ; Epopeya de Gilgamesh ; Diálogo del amo y el esclavo ; La escuela de los escribas -- Egipto: Himno a Atón ; Canto del arpista ; Poesías amatorias ; La historia de Sinuhé ; El cuento del náufrago ; Los dos hermanos ; La disputa de Verdad y Mentira -- Poesía azteca -- El libro de los libros de Chilam Balam -- Popol Vuh -- Poesía quechua.
520 ## - SUMMARY, ETC.
Summary, etc. La selección reúne fragmentos del Poema de Gilgamesh —la gran épica mesopotámica—, pasajes del Libro de Chilam Balam, testimonio sagrado y profético de la tradición maya, junto con otros textos de carácter mítico, ritual o sapiencial provenientes del Egipto faraónico y de civilizaciones precolombinas.<br/>El estudio preliminar de Daniel Freidemberg contextualiza estas obras como expresiones comunitarias, anteriores a la diferenciación moderna entre literatura, mito e historia. Analiza su transmisión, su función religiosa y la persistencia de sus estructuras simbólicas en la memoria cultural de Occidente y América Latina.
655 #7 - INDEX TERM--GENRE/FORM
Genre/form data or focus term Literatura antigua
Source of term embne
655 #7 - INDEX TERM--GENRE/FORM
Genre/form data or focus term Mitos
Source of term embne
655 #7 - INDEX TERM--GENRE/FORM
Genre/form data or focus term Poesías
Source of term embne
700 1# - ADDED ENTRY--PERSONAL NAME
Personal name Freidemberg, Daniel,
Dates associated with a name 1945-
Relator term prologuista
730 02 - ADDED ENTRY--UNIFORM TITLE
Uniform title Chilam Balam
730 02 - ADDED ENTRY--UNIFORM TITLE
Uniform title Gilgamesh
Form subheading Selecciones
730 02 - ADDED ENTRY--UNIFORM TITLE
Uniform title Popol Vuh
Form subheading Selecciones
942 ## - ADDED ENTRY ELEMENTS (KOHA)
Source of classification or shelving scheme Universal Decimal Classification
Koha item type Obra General
Suppress in OPAC No
Existencias
Withdrawn status Lost status Source of classification or shelving scheme Damaged status Not for loan Collection Home library Current library Date acquired Source of acquisition Total checkouts Full call number Barcode Date last seen Price effective from Koha item type
    Universal Decimal Classification     Colección General Biblioteca Escuela de Ciencias Sociales Biblioteca Escuela de Ciencias Sociales 22/05/2026 Donación   82-82 G473 000982 22/05/2026 22/05/2026 Obra General
Biblioteca de la Escuela Preuniversitaria en Ciencias Sociales y Humanísticas.
Riobamba 250 bis.
CP 2000 - Rosario - Santa Fe
E-Mail: biblioteca@esociales.unr.edu.ar